Συνταγματική θεωρία και πράξη : 1954-1979

Αποθηκεύτηκε σε:
Λεπτομέρειες βιβλιογραφικής εγγραφής
Κύριος συγγραφέας: Μάνεσης, Αριστόβουλος Ι., 1922-2000
Μορφή: Βιβλίο
Γλώσσα:Greek
Δημοσίευση: Θεσσαλονίκη : Σάκκουλας, 1980
Θέματα:
Ετικέτες: Προσθήκη ετικέτας
Δεν υπάρχουν, Καταχωρήστε ετικέτα πρώτοι!

MARC

LEADER 00000cam a2200000 i 4500
001 1/100453
008 000201s1980 gre d
020 |a 960-301-065-0 
035 |l 10057285 
040 |a GR-MY-UA  |b gre  |e aacr 
041 0 |a gre 
082 0 |a 342.495 
100 1 |a Μάνεσης, Αριστόβουλος Ι.,   |d 1922-2000. 
245 1 0 |a Συνταγματική θεωρία και πράξη :  |b 1954-1979 /  |c Αριστόβουλου Ι. Μάνεση 
260 |a Θεσσαλονίκη :   |b Σάκκουλας,   |c 1980 
300 |a  τ. 
500 |a Περιέχει ευρετήριο 
650 0 0 |a Constitutional law  |z Greece. 
852 |a INST  |b LESVOS  |e 20000201  |h 342.495 MAN  |p 005100024269  |q 005100024269  |t BK  |y 0  |z τ.1 
852 |a INST  |b LESVOS  |e 20000201  |h 342.495 MAN  |p 005100024269  |q 005100024269  |t BK  |v τ.1:  |y 0  |z τ.1 
853 |a INST  |b LESVOS  |h 342.495 MAN 
901 |a BIBL1-2000-2 
909 |a Λ  |b 073998 
922 |a 1ΕΛΗ  |b 200001  |c ΤΑΚ/ΤΚ  |d ΠΑΠΑΣΩΤΗΡΙΟΥ 
950 |a 103-1999-11-11 
970 |z 2000/08/ELIDOC